| 000 | 00594nam a2200169 4500 | ||
|---|---|---|---|
| 001 | 132079 | ||
| 003 | ES-MaACL | ||
| 005 | 20230906194112.0 | ||
| 007 | t| | ||
| 008 | 070214s1975 ve r ||||1| spa d | ||
| 100 | 1 |
_aRodríguez Sánchez, Juan Gregorio. _998800 |
|
| 245 | 1 | 0 |
_aBajo el signo de Géminis _b: ensayos críticos de Literatura española e hispanoamericana / _cJuan Gregorio Rodríguez Sánchez. |
| 260 |
_aMaracaibo (Venezuela) : _bUniversidad del Zulia, _c1975. |
||
| 300 |
_a183 p. ; _c23 cm. |
||
| 710 | 2 |
_aUniversidad del Zulia. _97369 |
|
| 852 |
_aES-MaACL _jA-5630 _bR.94562 |
||
| 999 |
_c132079 _d132079 |
||